[Event "SVK-ch U10"]
[Site "Lubovna"]
[Date "2020.08.20"]
[Round "7"]
[White "Hudak, Michal"]
[Black "Bilik, Matej"]
[Result "1-0"]
[WhiteElo "1176"]
[BlackElo "1185"]
[PlyCount "151"]
[EventDate "2020.08.15"]
[EventType "swiss"]
[EventRounds "9"]
[EventCountry "SVK"]
[SourceTitle "EXT 2021"]
[Source "ChessBase"]
[SourceDate "2020.10.23"]
[SourceVersion "1"]
[SourceVersionDate "2020.10.23"]
[SourceQuality "1"]

1. e4 Nc6 2. Nf3 e5 3. Bc4 Nf6 4. d3 Bc5 5. c3 d6 6. Nbd2 0-0 7. Nf1 Bg4 8. h3 Bh5 9. g4 Bg6 10. Ng3 Re8 11. Nh4 Ne7 12. Bg5 h6 13. Bxf6 gxf6 14. Ngf5 Kh7 15. Qd2 Bxf5 16. Nxf5 Nxf5 17. gxf5 Qe7 18. Qe2 Rg8 19. Qh5 Rg7 20. Ke2 Rag8 21. Raf1 c6 22. f4 Rg2+ 23. Ke1 exf4 24. Rxf4 Rg1+ 25. Rxg1 Rxg1+ 26. Kd2 Rg7 27. Rh4 Rg2+ 28. Kc1 Be3+ 29. Kd1 Rg7 30. Rg4 Rxg4 31. Qxg4 Qf8 32. Qg3 Bc5 33. d4 Bb6 34. h4 Bc7 35. Qg4 Qg7 36. Qxg7+ Kxg7 37. h5 c5 38. dxc5 dxc5 39. Kc2 a6 40. a4 Bf4 41. Kd3 a5 42. Bd5 b6 43. Kc4 Bc7 44. b4 cxb4 45. cxb4 axb4 46. Kxb4 Kf8 47. Kb5 Ke7 48. Kc6 Bd8 49. Kb7 Kd7 50. Bc6+ Kd6 51. Bd5 Ke7 52. Kc8 Ke8 53. Bc6+ Ke7 54. Bd7 Kd6 55. Kxd8 Kc5 56. Ke7 Kd4 57. Kxf7 Kxe4 58. Kxf6 Kd5 59. Ke7 Ke5 60. f6 Kf4 61. f7 Kg5 62. Be8 Kxh5 63. f8Q+ Kg5 64. Qf6+ Kg4 65. Bd7+ Kg3 66. Qf5 h5 67. Qxh5 Kf4 68. Ke6 Ke4 69. Qh4+ Kd3 70. Bb5+ Ke3 71. Kf5 Kf3 72. Qh3+ Kf2 73. Ke4 Ke1 74. Qh2 Kd1 75. Bd3 Ke1 76. Qe2# 1-0

[Event "SVK-ch U10"]
[Site "Lubovna"]
[Date "2020.08.18"]
[Round "5"]
[White "Ropovik, Samuel"]
[Black "Hudak, Michal"]
[Result "0-1"]
[WhiteElo "1149"]
[BlackElo "1176"]
[PlyCount "57"]
[EventDate "2020.08.15"]
[EventType "swiss"]
[EventRounds "9"]
[EventCountry "SVK"]
[SourceTitle "EXT 2021"]
[Source "ChessBase"]
[SourceDate "2020.10.23"]
[SourceVersion "1"]
[SourceVersionDate "2020.10.23"]
[SourceQuality "1"]

1. d4 d5 2. c4 c6 3. e3 Nf6 4. Nc3 Nbd7 5. Nf3 g6 6. Be2 Bg7 7. 0-0 0-0 8. Qc2 Qc7 9. Bd2 Nh5 10. Rac1 dxc4 11. Bxc4 Ndf6 12. h3 Bd7 13. Ne5 c5 14. Nxd7 Nxd7 15. Qd3 cxd4 16. exd4 Rad8 17. f4 Nc5 18. Nb5 Nxd3 19. Nxc7 Nxc1 20. Rxc1 Rxd4 21. Be3 Re4 22. Bxa7 Rc8 23. Bb6 Bxb2 24. Rc2 Bd4+ 25. Bxd4 Rxd4 26. Bb3 Rd7 27. Nb5 Rxc2 28. Bxc2 Nxf4 29. Nc3 0-1

[Event "SVK-ch U10"]
[Site "Lubovna"]
[Date "2020.08.17"]
[Round "4"]
[White "Hudak, Michal"]
[Black "Ziman, Damian"]
[Result "1-0"]
[WhiteElo "1176"]
[BlackElo "1115"]
[PlyCount "111"]
[EventDate "2020.08.15"]
[EventType "swiss"]
[EventRounds "9"]
[EventCountry "SVK"]
[SourceTitle "EXT 2021"]
[Source "ChessBase"]
[SourceDate "2020.10.23"]
[SourceVersion "1"]
[SourceVersionDate "2020.10.23"]
[SourceQuality "1"]

1. e4 e5 2. Nf3 Nc6 3. Bc4 Bc5 4. c3 Nf6 5. d3 h6 6. h3 0-0 7. Nbd2 d5 8. Bb3 Be6 9. Bc2 d4 10. Nf1 Re8 11. g4 a5 12. Ng3 Nd7 13. Nf5 Nb6 14. N3h4 Be7 15. Nf3 Kh7 16. h4 Rg8 17. Bb3 Bxb3 18. Qxb3 Rf8 19. g5 a4 20. Qd1 Rh8 21. gxh6 g6 22. Nxe7 Qxe7 23. Ng5+ Kg8 24. h7+ Kg7 25. h5 f6 26. h6+ Kf8 27. Nf3 Rxh7 28. Nh4 Kf7 29. Qg4 Rg8 30. Rg1 g5 31. Nf5 Qe6 32. b3 axb3 33. Qh5+ Kf8 34. Ba3+ Ne7 35. Bxe7+ Rxe7 36. Nxe7 Qxe7 37. h7 Rh8 38. axb3 Rxh7 39. Qg6 Rg7 40. Qf5 dxc3 41. Rh1 c2 42. Rc1 Qb4+ 43. Ke2 Qe7 44. Rxc2 c6 45. Rh8+ Kf7 46. Rh7 Kg8 47. Rh6 Kf7 48. Ra2 Rg8 49. Ra7 Rg7 50. Rxb7 Qxb7 51. Qxf6+ Kg8 52. Qd8+ Kf7 53. Qf6+ Ke8 54. Rh8+ Kd7 55. Qxg7+ Kd6 56. Qxb7 1-0